Исследование фазового состава объемного образца нитрида титана; Современные техника и технологии; Т. 3

Detaylı Bibliyografya
Parent link:Современные техника и технологии: сборник трудов XVII международной научно-практической конференции студентов, аспирантов и молодых ученых, Томск, 18-22 апреля 2011 г/ Национальный исследовательский Томский политехнический университет (ТПУ).— , 2011
Т. 3.— 2011.— [С. 393-394]
Yazar: Евдокимов А. А. Андрей Анатольевич
Diğer Yazarlar: Герасимов Д. Ю. Дмитрий Юрьевич (научный руководитель), Сивков А. А. Александр Анатольевич
Özet:Заглавие с титульного экрана
Dil:Rusça
Baskı/Yayın Bilgisi: 2011
Seri Bilgileri:Наноматериалы, нанотехнологии и новая энергетика
Konular:
Online Erişim:http://www.lib.tpu.ru/fulltext/c/2011/C01/V03/189.pdf
Materyal Türü: MixedMaterials Elektronik Kitap Bölümü
KOHA link:https://koha.lib.tpu.ru/cgi-bin/koha/opac-detail.pl?biblionumber=235626

MARC

LEADER 00000naa2a2200000 4500
001 235626
005 20260105121833.0
035 |a (RuTPU)RU\TPU\book\256766 
035 |a RU\TPU\book\256764 
090 |a 235626 
100 |a 20130412d2011 k y0rusy50 ca 
101 0 |a rus 
102 |a RU 
135 |a drnn ---uucaa 
181 0 |a i  
182 0 |a b 
200 1 |a Исследование фазового состава объемного образца нитрида титана  |f А. А. Евдокимов, Д. Ю. Герасимов  |g науч. рук. А. А. Сивков 
203 |a Текст  |c электронный 
225 1 |a Наноматериалы, нанотехнологии и новая энергетика 
300 |a Заглавие с титульного экрана 
320 |a [Библиогр.: с. 394 (5 назв.)] 
337 |a Adobe Reader 
461 1 |0 (RuTPU)RU\TPU\book\255301  |t Современные техника и технологии  |o сборник трудов XVII международной научно-практической конференции студентов, аспирантов и молодых ученых, Томск, 18-22 апреля 2011 г  |o в 3 т.  |f Национальный исследовательский Томский политехнический университет (ТПУ)  |d 2011 
463 1 |0 (RuTPU)RU\TPU\book\255308  |t Т. 3  |v [С. 393-394]  |d 2011 
610 1 |a труды учёных ТПУ 
610 1 |a электронный ресурс 
610 1 |a исследование 
610 1 |a фазовый состав 
610 1 |a образцы 
610 1 |a нитрид титана 
700 1 |a Евдокимов  |b А. А.  |c специалист в области электроснабжения промышленных предприятий  |c инженер-проектировщик Томского политехнического университета  |f 1987-  |g Андрей Анатольевич  |3 (RuTPU)RU\TPU\pers\27065 
701 1 |a Герасимов  |b Д. Ю.  |c специалист в области электроэнергетики  |c доцент Томского политехнического университета, кандидат технических наук  |f 1980-  |g Дмитрий Юрьевич  |9 12252 
702 1 |a Сивков  |b А. А.  |c специалист в области электроснабжения промышленных предприятий  |c профессор Томского политехнического университета, доктор технических наук  |f 1951-  |g Александр Анатольевич  |3 (RuTPU)RU\TPU\pers\26846  |4 727 
801 2 |a RU  |b 63413507  |c 20130416  |g RCR 
856 4 |u http://www.lib.tpu.ru/fulltext/c/2011/C01/V03/189.pdf 
942 |c CF